de Launay M., Une reconstruction rationnelle du judaïsme. Sur Hermann Cohen (1842-1918), coll. Religions en perspective 13, Genève, Labor et Fides, 2002, 23x15, 126 p., 19 €. ISBN 2-8309-1053-2 (notice n° 1620773)
[ vue normale ]
| 000 -LEADER | |
|---|---|
| fixed length control field | 00604cam a2200133 4500500 |
| 005 - DATE AND TIME OF LATEST TRANSACTION | |
| control field | 20260111091250.0 |
| 041 ## - LANGUAGE CODE | |
| Language code of text/sound track or separate title | fre |
| 042 ## - AUTHENTICATION CODE | |
| Authentication code | dc |
| 245 00 - TITLE STATEMENT | |
| Title | de Launay M., Une reconstruction rationnelle du judaïsme. Sur Hermann Cohen (1842-1918), coll. Religions en perspective 13, Genève, Labor et Fides, 2002, 23x15, 126 p., 19 €. ISBN 2-8309-1053-2 |
| 260 ## - PUBLICATION, DISTRIBUTION, ETC. | |
| Date of publication, distribution, etc. | 2005.<br/> |
| 500 ## - GENERAL NOTE | |
| General note | 45 |
| 786 0# - DATA SOURCE ENTRY | |
| Note | Nouvelle revue théologique | 127 | 4 | 2005-12-15 | p. 666h-672h | 0029-4845 |
| 856 41 - ELECTRONIC LOCATION AND ACCESS | |
| Uniform Resource Identifier | <a href="https://shs.cairn.info/revue-nouvelle-revue-theologique-2005-4-page-666h?lang=fr&redirect-ssocas=7080">https://shs.cairn.info/revue-nouvelle-revue-theologique-2005-4-page-666h?lang=fr&redirect-ssocas=7080</a> |
Pas d'exemplaire disponible.




Réseaux sociaux